[Event "ECU-ch Qual Blitz"]
[Site "Chess.com INT"]
[Date "2021.06.25"]
[Round "7"]
[White "Aspiazu Sibri, Marlon Steven"]
[Black "Caiza Perez, Cristian Fabian"]
[Result "1-0"]
[WhiteElo "2434"]
[BlackElo "1824"]
[PlyCount "103"]
[EventDate "2021.06.25"]
[EventType "swiss (blitz)"]
[EventRounds "9"]
[EventCountry "ECU"]
[SourceTitle "CBM 203 Extra"]
[Source "ChessBase"]
[SourceDate "2021.09.30"]
[SourceVersion "1"]
[SourceVersionDate "2021.09.30"]
[SourceQuality "1"]

1. c4 c5 2. Nc3 d6 3. g3 e5 4. Bg2 Nc6 5. e3 f5 6. Nge2 Nf6 7. 0-0 Be7 8. d4 cxd4 9. exd4 0-0 10. b3 a6 11. Bb2 Bd7 12. Nd5 Rc8 13. Nxe7+ Qxe7 14. d5 Nd8 15. Re1 Nf7 16. f4 e4 17. Nd4 b5 18. cxb5 axb5 19. Nc2 Nxd5 20. Qxd5 Rxc2 21. Qd4 Nd8 22. Ba3 Nb7 23. g4 Nc5 24. Rad1 Rf6 25. g5 Re6 26. Bf1 Nd3 27. Bxd3 exd3 28. Rxe6 Qxe6 29. Qxd3 Rxa2 30. Bxd6 Bc6 31. Be5 Rg2+ 32. Kf1 Rxh2 33. Qd8+ Kf7 34. Qc7+ Kg6 35. Qxg7+ Kh5 36. Qxh7+ Kg4 37. Qxh2 Qxb3 38. Rd2 Qb1+ 39. Ke2 Bf3+ 40. Kf2 Be4 41. Qg1+ Kh5 42. Qxb1 Bxb1 43. Rb2 Bd3 44. Ke3 Bc4 45. Kd4 Kg4 46. g6 Kh5 47. g7 Kg6 48. Rxb5 Bxb5 49. g8Q+ Kh5 50. Qf7+ Kg4 51. Qg6+ Kf3 52. Qxf5 1-0

[Event "ECU-ch Qual Blitz"]
[Site "Chess.com INT"]
[Date "2021.06.25"]
[Round "2"]
[White "Caiza Perez, Cristian Fabian"]
[Black "Chang Suarez, Rommel Felipe"]
[Result "0-1"]
[WhiteElo "1824"]
[BlackElo "2268"]
[PlyCount "100"]
[EventDate "2021.06.25"]
[EventType "swiss (blitz)"]
[EventRounds "9"]
[EventCountry "ECU"]
[SourceTitle "CBM 203 Extra"]
[Source "ChessBase"]
[SourceDate "2021.09.30"]
[SourceVersion "1"]
[SourceVersionDate "2021.09.30"]
[SourceQuality "1"]

1. e4 c6 2. d4 d5 3. exd5 cxd5 4. Bd3 Nc6 5. c3 Nf6 6. Ne2 g6 7. Bf4 Bg7 8. Ng3 0-0 9. 0-0 Ne8 10. Qd2 Nd6 11. Bh6 e6 12. Bxg7 Kxg7 13. Na3 Nf5 14. Nc2 Bd7 15. Rfe1 Rc8 16. Qf4 Nxg3 17. hxg3 Qf6 18. Qe3 Rfe8 19. Bb5 a6 20. Bxc6 Bxc6 21. Nb4 Bb5 22. a4 Bd7 23. Nd3 Rc7 24. Nc5 Rec8 25. a5 Bb5 26. b4 Re8 27. Rac1 Rce7 28. Qf4 Bc6 29. Qe5 Qxe5 30. Rxe5 f6 31. Re3 e5 32. dxe5 fxe5 33. Rce1 Kf6 34. f3 d4 35. cxd4 exd4 36. Rxe7 Rxe7 37. Rxe7 Kxe7 38. Nb3 Kd6 39. Nxd4 Kd5 40. Nc2 Kc4 41. Kf2 Kc3 42. Ne3 Kxb4 43. Ng4 Kxa5 44. Nf6 b5 45. Ke3 b4 46. Kd3 Ka4 47. Nxh7 Ka3 48. Ng5 b3 49. Ne6 b2 50. Kc2 Ka2 0-1

[Event "ECU-ch Qual Blitz"]
[Site "Chess.com INT"]
[Date "2021.06.25"]
[Round "8"]
[White "Caiza Perez, Cristian Fabian"]
[Black "Ulloa Centeno, Luis Manuel"]
[Result "1-0"]
[WhiteElo "1824"]
[BlackElo "1781"]
[PlyCount "117"]
[EventDate "2021.06.25"]
[EventType "swiss (blitz)"]
[EventRounds "9"]
[EventCountry "ECU"]
[SourceTitle "CBM 203 Extra"]
[Source "ChessBase"]
[SourceDate "2021.09.30"]
[SourceVersion "1"]
[SourceVersionDate "2021.09.30"]
[SourceQuality "1"]

1. e4 d5 2. exd5 Qxd5 3. Nc3 Qa5 4. Bc4 c6 5. d3 Nf6 6. Nge2 Bf5 7. 0-0 Nbd7 8. Bd2 Qc7 9. Bf4 Qb6 10. Be3 Qc7 11. Ng3 Bg6 12. Qd2 e6 13. Bf4 Bd6 14. Bxd6 Qxd6 15. Rfe1 0-0 16. Bb3 b5 17. a4 a6 18. axb5 axb5 19. Nce2 h6 20. Nf4 Bh7 21. Rxa8 Rxa8 22. Nxe6 fxe6 23. Rxe6 Ra1+ 24. Re1+ Nd5 25. Rxa1 N7f6 26. Re1 Bg6 27. Ne4 Kh7 28. Nxf6+ Qxf6 29. Bxd5 cxd5 30. c3 d4 31. h3 Qd6 32. Rd1 Bh5 33. f3 Bg6 34. Kh1 Bf5 35. c4 b4 36. b3 Qd7 37. g4 Be6 38. Qxb4 Qc6 39. Kg2 h5 40. Qa5 hxg4 41. Qh5+ Kg8 42. hxg4 Bf7 43. Qe5 Qd7 44. Rd2 Kh7 45. b4 Qa7 46. b5 Qa5 47. Re2 Bxc4 48. dxc4 d3 49. Qe4+ g6 50. Qxd3 Qb6 51. Re7+ Kh6 52. Qe3+ Qxe3 53. Rxe3 g5 54. b6 Kg6 55. b7 Kh6 56. b8Q Kg6 57. Qd6+ Kf7 58. Re7+ Kf8 59. Qd8# 1-0

[Event "Pan American-ch U16"]
[Site "Cali"]
[Date "2015.07.02"]
[Round "7"]
[White "Caiza Perez, Cristian Fabian"]
[Black "Dommalapati, Abhinay"]
[Result "1/2-1/2"]
[WhiteElo "1515"]
[BlackElo "1791"]
[PlyCount "56"]
[EventDate "2015.06.28"]
[EventType "swiss"]
[EventRounds "9"]
[EventCountry "COL"]
[SourceTitle "EXT 2016"]
[Source "ChessBase"]
[SourceDate "2015.10.08"]
[SourceVersion "1"]
[SourceVersionDate "2015.10.08"]
[SourceQuality "1"]

1. e4 e6 2. d4 d5 3. exd5 exd5 4. c3 Bd6 5. Bd3 Ne7 6. Nf3 0-0 7. 0-0 Bf5 8. Bxf5 Nxf5 9. Bg5 f6 10. Bh4 Qd7 11. Bg3 Nxg3 12. hxg3 c6 13. Nbd2 Na6 14. Qc2 Rae8 15. Rfe1 Nc7 16. Rxe8 Nxe8 17. Re1 g6 18. Nb3 b6 19. Nh2 Ng7 20. Qd1 f5 21. Nf3 f4 22. gxf4 Bxf4 23. Ne5 Qf5 24. Qg4 Qc2 25. Qe2 Qxe2 26. Rxe2 Bxe5 27. Rxe5 Re8 28. Rxe8+ Nxe8 1/2-1/2

[Event "Carpuela CupT U20 6th"]
[Site "Carpuela"]
[Date "2015.06.04"]
[Round "6.2"]
[White "Gutierrez Feijoo, Isaac Andres"]
[Black "Caiza Perez, Cristian Fabian"]
[Result "1-0"]
[WhiteElo "1607"]
[BlackElo "1515"]
[PlyCount "57"]
[EventDate "2015.06.01"]
[EventType "team-swiss"]
[EventRounds "7"]
[EventCountry "ECU"]
[SourceTitle "CBM 166 Extra"]
[Source "ChessBase"]
[SourceDate "2015.06.18"]
[SourceVersion "1"]
[SourceVersionDate "2015.06.18"]
[SourceQuality "1"]
[WhiteTeam "Loja"]
[BlackTeam "Zamora"]
[WhiteTeamCountry "ECU"]
[BlackTeamCountry "ECU"]

1. d4 d5 2. c4 c6 3. Nc3 dxc4 4. e3 Bf5 5. Bxc4 e6 6. Nf3 Nf6 7. 0-0 Be7 8. a4 Nbd7 9. h3 0-0 10. Nh4 Bg6 11. Nxg6 hxg6 12. e4 Nb6 13. Bb3 Qc7 14. Qf3 Rad8 15. Bf4 Qc8 16. a5 Nbd7 17. Rfd1 c5 18. d5 exd5 19. Nxd5 Nxd5 20. Bxd5 Nf6 21. Bc4 Rxd1+ 22. Rxd1 Rd8 23. e5 Nh7 24. Rxd8+ Bxd8 25. Qd5 Ng5 26. Bxg5 Bxg5 27. Qxf7+ Kh7 28. Bd3 Qc6 29. e6 1-0

[Event "Carpuela CupT U20 6th"]
[Site "Carpuela"]
[Date "2015.06.02"]
[Round "2.2"]
[White "Caiza Perez, Cristian Fabian"]
[Black "Angulo Garcia, Stuar"]
[Result "1-0"]
[WhiteElo "1515"]
[BlackElo "1598"]
[PlyCount "61"]
[EventDate "2015.06.01"]
[EventType "team-swiss"]
[EventRounds "7"]
[EventCountry "ECU"]
[SourceTitle "CBM 166 Extra"]
[Source "ChessBase"]
[SourceDate "2015.06.18"]
[SourceVersion "1"]
[SourceVersionDate "2015.06.18"]
[SourceQuality "1"]
[WhiteTeam "Zamora"]
[BlackTeam "Esmeraldas"]
[WhiteTeamCountry "ECU"]
[BlackTeamCountry "ECU"]

1. e4 g6 2. Bc4 Bg7 3. d3 c6 4. Bb3 d5 5. exd5 cxd5 6. Ne2 e6 7. Nbc3 Ne7 8. 0-0 0-0 9. Bd2 Nbc6 10. Ng3 Bd7 11. Qc1 Rc8 12. Bh6 Nd4 13. Bxg7 Kxg7 14. Qe3 Nef5 15. Nxf5+ Nxf5 16. Qd2 Nd4 17. Ne2 Nf5 18. Ng3 Nd6 19. Qe3 Qf6 20. c3 a6 21. Nh5+ gxh5 22. Qg3+ Qg6 23. Qxd6 Bb5 24. Rfe1 Rc6 25. Qe5+ f6 26. Qf4 Bxd3 27. Re3 Kf7 28. Rg3 Qf5 29. Qb4 b5 30. Qd4 Rc7 31. Qxd3 1-0

[Event "ECU-chT U20"]
[Site "Carpuela"]
[Date "2014.05.05"]
[Round "5.2"]
[White "Caiza Perez, Cristian Fabian"]
[Black "Doylet Mendieta, Daniel David"]
[Result "0-1"]
[WhiteElo "1500"]
[BlackElo "1841"]
[PlyCount "68"]
[EventDate "2014.05.03"]
[EventType "team-swiss"]
[EventRounds "7"]
[EventCountry "ECU"]
[SourceTitle "CBM 160 Extra"]
[Source "ChessBase"]
[SourceDate "2014.07.01"]
[SourceVersion "1"]
[SourceVersionDate "2014.07.01"]
[SourceQuality "1"]
[WhiteTeam "Zamora Chimchipe"]
[BlackTeam "Guayas"]
[WhiteTeamCountry "ECU"]
[BlackTeamCountry "ECU"]

1. e4 c5 2. Bc4 e6 3. d3 Nc6 4. Nc3 Nf6 5. Bd2 d5 6. exd5 exd5 7. Bb3 Be7 8. Nge2 Be6 9. 0-0 0-0 10. Nf4 Rc8 11. Re1 Qd7 12. Ba4 a6 13. Bxc6 Rxc6 14. Qe2 Bd8 15. Nxe6 fxe6 16. Rab1 Bc7 17. h3 b5 18. Bg5 h6 19. Bxf6 Rxf6 20. Qg4 Qf7 21. Rf1 Rg6 22. Qh4 Qf3 23. g4 b4 24. Nd1 d4 25. Re1 Rg5 26. b3 Bf4 27. Re4 e5 28. Kf1 Rf6 29. Ke1 h5 30. Rxf4 Qxf4 31. f3 hxg4 32. fxg4 e4 33. Qf2 e3 34. Qg2 Qf3 0-1

[Event "ECU-chT U20"]
[Site "Carpuela"]
[Date "2014.05.04"]
[Round "4.2"]
[White "Gutierrez Feijoo, Isaac Andres"]
[Black "Caiza Perez, Cristian Fabian"]
[Result "0-1"]
[WhiteElo "1656"]
[BlackElo "1500"]
[PlyCount "82"]
[EventDate "2014.05.03"]
[EventType "team-swiss"]
[EventRounds "7"]
[EventCountry "ECU"]
[SourceTitle "CBM 160 Extra"]
[Source "ChessBase"]
[SourceDate "2014.07.01"]
[SourceVersion "1"]
[SourceVersionDate "2014.07.01"]
[SourceQuality "1"]
[WhiteTeam "Loja"]
[BlackTeam "Zamora Chimchipe"]
[WhiteTeamCountry "ECU"]
[BlackTeamCountry "ECU"]

1. d4 d5 2. c4 e6 3. Nf3 Ne7 4. Nc3 Nbc6 5. Bf4 Ng6 6. Bg3 Bb4 7. a3 Bxc3+ 8. bxc3 dxc4 9. e3 Bd7 10. Bxc4 Nce7 11. h3 Bc6 12. 0-0 0-0 13. Ne5 Nxe5 14. Bxe5 Ng6 15. Bg3 Qd7 16. Bb3 Bd5 17. c4 Bc6 18. Qd3 Rfd8 19. Rac1 Rac8 20. h4 Ba4 21. Ba2 c5 22. d5 exd5 23. Qxd5 Qe7 24. Qg5 Qxg5 25. hxg5 b6 26. Bb1 Ne7 27. Rc3 Rd7 28. Re1 Rcd8 29. Kh2 Rd2 30. Bh4 Ng6 31. Bxg6 hxg6 32. Kg3 Kf8 33. Kf4 Ke7 34. g4 Ke6 35. f3 Rg2 36. Rf1 f6 37. Rf2 Rg1 38. gxf6 gxf6 39. e4 Rh1 40. Bg3 Bd1 41. Ke3 Re1+ 0-1